Chemistry / (Record no. 194224)
[ view plain ]
| 000 -LEADER | |
|---|---|
| fixed length control field | 01484 a2200217 4500 |
| 003 - CONTROL NUMBER IDENTIFIER | |
| control field | Nust |
| 005 - DATE AND TIME OF LATEST TRANSACTION | |
| control field | 20221011130910.0 |
| 010 ## - LIBRARY OF CONGRESS CONTROL NUMBER | |
| LC control number | 77021392 |
| 020 ## - INTERNATIONAL STANDARD BOOK NUMBER | |
| International Standard Book Number | 0070429251 |
| 040 ## - CATALOGING SOURCE | |
| Transcribing agency | Nust |
| 082 00 - DEWEY DECIMAL CLASSIFICATION NUMBER | |
| Classification number | 540,MOO |
| 100 1# - MAIN ENTRY--PERSONAL NAME | |
| Personal name | Moore, John W. |
| 9 (RLIN) | 99868 |
| 245 10 - TITLE STATEMENT | |
| Title | Chemistry / |
| Statement of responsibility, etc. | John W. Moore, William G. Davies, Ronald W. Collins. |
| 260 ## - PUBLICATION, DISTRIBUTION, ETC. | |
| Place of publication, distribution, etc. | New York : |
| Name of publisher, distributor, etc. | McGraw-Hill, |
| Date of publication, distribution, etc. | c1978. |
| 300 ## - PHYSICAL DESCRIPTION | |
| Extent | xii, 804 p. : |
| Other physical details | ill. ; |
| Dimensions | 25 cm. |
| 505 ## - FORMATTED CONTENTS NOTE | |
| Formatted contents note | Introduction (Page-1), ATOMS, Molecules, and Chemical Reactions (Page-30), Using Chemical Equations in Calculations (Page-61), The Structure of Atoms (Page-96), The Electronic Structure of Atoms (Page-124), Chemical Bonding-Electron Pairs (Page-160), Further Aspects of Covalent Bonding (Page-199), Properties of Organic Compounding and other Substances (Page-240), Gases (Page-282), Solids, Liquids, and Solutions (Page-317), Reaction in Aqueous Solutions (Page-360), Chemistry of the Representative Elements (Page-400), Chemical Equilibrium (Page-432), Ionic Equilibria Aqueous Solutions (Page-469), Thermodynamics: Atoms, Molecules, and Energy (Page-511), Entropy and Spontaneous Reactions (Page-543), Electrochemical Cells (Page-581), Chemical Kinetics (Page-610), Nuclear Chemistry (Page-641), Molecules in Living Systems (Page-670) Spectra and Structure of Atoms and Molecules (Page-709) Metals (Page-744) |
| 650 #0 - SUBJECT ADDED ENTRY--TOPICAL TERM | |
| Topical term or geographic name entry element | Chemistry. |
| 700 1# - ADDED ENTRY--PERSONAL NAME | |
| Personal name | Collins, Ronald W., |
| 9 (RLIN) | 99869 |
| 700 1# - ADDED ENTRY--PERSONAL NAME | |
| Personal name | Davies, William G., |
| 9 (RLIN) | 99870 |
| 942 ## - ADDED ENTRY ELEMENTS (KOHA) | |
| Source of classification or shelving scheme | |
| Koha item type | Book |
| Withdrawn status | Lost status | Source of classification or shelving scheme | Damaged status | Not for loan | Permanent Location | Current Location | Shelving location | Date acquired | Full call number | Barcode | Date last seen | Price effective from | Koha item type | Public note |
|---|---|---|---|---|---|---|---|---|---|---|---|---|---|---|
| Military College of Signals (MCS) | Military College of Signals (MCS) | General Stacks | 12/12/2016 | 540,MOO | MCS6469 | 12/08/2016 | 12/12/2016 | Book | Almirah No.25, Shelf No.2 | |||||
| Military College of Signals (MCS) | Military College of Signals (MCS) | General Stacks | 12/12/2016 | 540,MOO | MCS6470 | 12/08/2016 | 12/12/2016 | Book | Almirah No.77, Shelf No.4 |
